000 00199 a2200085 4500
020 _a9780367401238
100 _a Kurt Heinze
245 _aCost Management of Capital Projects
260 _bCRC Press
_c2019
999 _c13300
_d13300